000 00349nam a2200145 i 4500
001 bg
100 1 _aSTEC, Roman
245 0 _aMetalurgia ogólna /
_cRoman Stec, Tadeusz Czarnecki.
260 _aCzęstochowa,
_c1978.
700 1 _aCZARNECKI, Tadeusz
040 _cBPK
041 _apol
942 _cKS
008 s pl f |000 0 pol
999 _c9842
_d9842
856 _uhttp://koha.tu.koszalin.pl/cgi-bin/koha/opac-detail.pl?biblionumber=9842
_yKatalog online BPK